Engineering Mathematics 1 :Mathematics for Electrical Science and Physical Science 1 (Record no. 38034)

MARC details
000 -LEADER
fixed length control field 00398nam a22001577a 4500
082 ## - DEWEY DECIMAL CLASSIFICATION NUMBER
Classification number 510 SHI
100 ## - MAIN ENTRY--AUTHOR NAME
Personal name Shikhi M
100 ## - MAIN ENTRY--AUTHOR NAME
Personal name Tonny K B
245 ## - TITLE STATEMENT
Title Engineering Mathematics 1 :Mathematics for Electrical Science and Physical Science 1
250 ## - EDITION STATEMENT
Edition statement 1
260 ## - PUBLICATION, DISTRIBUTION, ETC. (IMPRINT)
Name of publisher Owl Books
Place of publication Trivandrum
Year of publication 2024
546 ## - LANGUAGE NOTE
Language note English
650 ## - SUBJECT ADDED ENTRY--TOPICAL TERM
Topical Term APS
942 ## - ADDED ENTRY ELEMENTS (KOHA)
Koha item type Text Book
952 ## - LOCATION AND ITEM INFORMATION (KOHA)
Damaged status
Not for loan
952 ## - LOCATION AND ITEM INFORMATION (KOHA)
Damaged status
Not for loan
952 ## - LOCATION AND ITEM INFORMATION (KOHA)
Damaged status
Not for loan
952 ## - LOCATION AND ITEM INFORMATION (KOHA)
Damaged status
Not for loan
952 ## - LOCATION AND ITEM INFORMATION (KOHA)
Damaged status
Not for loan
952 ## - LOCATION AND ITEM INFORMATION (KOHA)
Damaged status
Not for loan
952 ## - LOCATION AND ITEM INFORMATION (KOHA)
Damaged status
Not for loan
952 ## - LOCATION AND ITEM INFORMATION (KOHA)
Damaged status
Not for loan
952 ## - LOCATION AND ITEM INFORMATION (KOHA)
Damaged status
Not for loan
952 ## - LOCATION AND ITEM INFORMATION (KOHA)
Damaged status
Not for loan
952 ## - LOCATION AND ITEM INFORMATION (KOHA)
Damaged status
Not for loan
952 ## - LOCATION AND ITEM INFORMATION (KOHA)
Damaged status
Not for loan
952 ## - LOCATION AND ITEM INFORMATION (KOHA)
Damaged status
Not for loan
952 ## - LOCATION AND ITEM INFORMATION (KOHA)
Damaged status
Not for loan
952 ## - LOCATION AND ITEM INFORMATION (KOHA)
Damaged status
Not for loan
952 ## - LOCATION AND ITEM INFORMATION (KOHA)
Damaged status
Not for loan
952 ## - LOCATION AND ITEM INFORMATION (KOHA)
Damaged status
Not for loan
952 ## - LOCATION AND ITEM INFORMATION (KOHA)
Damaged status
Not for loan
952 ## - LOCATION AND ITEM INFORMATION (KOHA)
Damaged status
Not for loan
952 ## - LOCATION AND ITEM INFORMATION (KOHA)
Damaged status
Not for loan
Holdings
Withdrawn status Collection code Permanent Location Current Location Shelving location Date acquired Source of acquisition Cost, normal purchase price Inventory number Full call number Accession Number Price effective from Koha item type
  MATHEMATICS VAST Central Library VAST Central Library S-138/AS 21/11/2025 Calicut Books 250.00 17740 510 SHI 38080 21/11/2025 Text Book
  MATHEMATICS VAST Central Library VAST Central Library S-138/AS 21/11/2025 Calicut Books 250.00 17740 510 SHI 38081 21/11/2025 Text Book
  MATHEMATICS VAST Central Library VAST Central Library S-138/AS 21/11/2025 Calicut Books 250.00 17740 510 SHI 38082 21/11/2025 Text Book
  MATHEMATICS VAST Central Library VAST Central Library S-138/AS 21/11/2025 Calicut Books 250.00 17740 510 SHI 38083 21/11/2025 Text Book
  MATHEMATICS VAST Central Library VAST Central Library S-138/AS 21/11/2025 Calicut Books 250.00 17740 510 SHI 38084 21/11/2025 Text Book
  MATHEMATICS VAST Central Library VAST Central Library S-138/AS 21/11/2025 Calicut Books 250.00 17740 510 SHI 38085 21/11/2025 Text Book
  MATHEMATICS VAST Central Library VAST Central Library   21/11/2025 Calicut Books 250.00 17740 510 SHI 38086 21/11/2025 Text Book
  MATHEMATICS VAST Central Library VAST Central Library   21/11/2025 Calicut Books 250.00 17740 510 SHI 38087 21/11/2025 Text Book
  MATHEMATICS VAST Central Library VAST Central Library S-138/AS 21/11/2025 Calicut Books 250.00 17740 510 SHI 38088 21/11/2025 Text Book
  MATHEMATICS VAST Central Library VAST Central Library S-138/AS 21/11/2025 Calicut Books 250.00 17740 510 SHI 38089 21/11/2025 Text Book
  MATHEMATICS VAST Central Library VAST Central Library S-138/AS 21/11/2025 Calicut Books 250.00 17740 510 SHI 38090 21/11/2025 Text Book
  MATHEMATICS VAST Central Library VAST Central Library S-138/AS 21/11/2025 Calicut Books 250.00 17740 510 SHI 38091 21/11/2025 Text Book
  MATHEMATICS VAST Central Library VAST Central Library S-138/AS 21/11/2025 Calicut Books 250.00 17740 510 SHI 38092 21/11/2025 Text Book
  MATHEMATICS VAST Central Library VAST Central Library S-138/AS 21/11/2025 Calicut Books 250.00 17740 510 SHI 38093 21/11/2025 Text Book
  MATHEMATICS VAST Central Library VAST Central Library S-138/AS 21/11/2025 Calicut Books 250.00 17740 510 SHI 38094 21/11/2025 Text Book
  MATHEMATICS VAST Central Library VAST Central Library S-138/AS 21/11/2025 Calicut Books 250.00 17740 510 SHI 38095 21/11/2025 Text Book
  MATHEMATICS VAST Central Library VAST Central Library S-138/AS 21/11/2025 Calicut Books 250.00 17740 510 SHI 38096 21/11/2025 Text Book
  MATHEMATICS VAST Central Library VAST Central Library S-138/AS 21/11/2025 Calicut Books 250.00 17740 510 SHI 38097 21/11/2025 Text Book
  MATHEMATICS VAST Central Library VAST Central Library S-138/AS 21/11/2025 Calicut Books 250.00 17740 510 SHI 38098 21/11/2025 Text Book
  MATHEMATICS VAST Central Library VAST Central Library S-138/AS 21/11/2025 Calicut Books 250.00 17740 510 SHI 38099 21/11/2025 Text Book